000 00294nam a2200121 i 4500
001 bg
245 0 _aProblemy algorytmizacji i automatyzacji procesu dydaktycznego.
260 _aWarszawa,
_c1983.
040 _cBPK
041 _apol
942 _cKS
008 s pl f |000 0 pol
999 _c21995
_d21995
856 _uhttp://koha.tu.koszalin.pl/cgi-bin/koha/opac-detail.pl?biblionumber=21995
_yKatalog online BPK